Focus sur: Maeglin - Tolkien - Statistiques

Statistiques générales
  • Ce quiz a été pris 16 fois
  • Le résultat moyen est 9 sur 12
Statistiques - réponses
Informations recherchées Réponses % Correct
Espèce Elfe
100%
Première apparition Le Silmarillion
100%
Groupe de l'espèce Noldor
100%
Age durant lequel il vécut Premier
100%
Couleur des cheveux Noir
89%
Mère Aredhel
78%
Père Eöl
78%
Cité Gondolin
78%
Royaume Caché
78%
Maison (lignée) Fingolfin
67%
Royaumes Nan Elmoth
22%
Autre nom Lómion
11%
Aucun quiz correspondant
Distribution des résultats
% des personnes avec chaque résultat
Percentile par nombre de réponses
Votre historique - résultats
Vous n’avez pas pris ce quiz